[Event "Floripa Chess Open 2024"]
[Site "Florianopolis"]
[Date "2024.01.26"]
[Round "8.87"]
[White "Rafaelknunes, Rafael Klanfer Nune"]
[Black "Hataby, Raed"]
[Result "0-1"]
[WhiteElo "1789"]
[BlackElo "1888"]
[PlyCount "62"]
[EventDate "2024.01.20"]
[EventRounds "10"]
[EventCountry "BRA"]

1. d4 d6 2. c4 g6 3. Nc3 Nf6 4. e4 Bg7 5. f3 Nbd7 6. Be3 e5 7. Nge2 a5 ({RR} 
7... h5 8. Qd2 h4 9. O-O-O a6 10. Kb1 b5 11. cxb5 axb5 12. Nxb5 Ba6 13. Nec3
Qb8 14. Rc1 c6 15. dxe5 cxb5 16. exf6 Bxf6 17. Nd5 Bg7 18. Nc7+ Ke7 19. Nxa8
Qxa8 20. Rd1 Qc6 21. Bd4 f6 22. Bc3 {Begunov,K (2325)-Curtis,J (2292) chess.
com INT 2022 0-1 (34)}) 8. Qd2 c6 9. g3 $146 ({RR} 9. O-O-O a4 10. d5 c5 11.
Nb5 Nb6 12. Ng3 O-O 13. Bd3 Ne8 14. a3 Bd7 15. Nc3 Nc8 16. f4 Na7 17. f5 f6 18.
h4 b5 19. cxb5 Rb8 20. Bh6 Bxb5 21. Bxg7 Kxg7 22. fxg6 hxg6 23. h5 g5 {Juptner,
J (1850)-Spacek,L (1920) Prague 1996 0-1 (55)}) 9... O-O 10. h4 exd4 11. Nxd4
Ne5 12. Be2 d5 13. cxd5 cxd5 14. Bg5 dxe4 15. Bxf6 Qxf6 16. Nxe4 Qb6 17. Nb5
Qxb5 18. Bxb5 Nxf3+ 19. Kf2 Nxd2 20. Nxd2 Bxb2 21. Rab1 Bd4+ 22. Kf3 h5 23. Bc4
Rb8 24. Ne4 Bd7 25. Kf4 Bc6 26. Rhe1 b5 27. Bd3 Bg7 28. Nc5 Bh6+ 29. Ke5 Rbd8
30. Be4 Rfe8+ 31. Kf6 Rd6+ 0-1

[Event "Floripa Chess Open 2024"]
[Site "Florianopolis"]
[Date "2024.01.26"]
[Round "8.88"]
[White "Hessmann, Eduardo Franzoni"]
[Black "Do Carmo, Gabriel Carckeno"]
[Result "1-0"]
[WhiteElo "1665"]
[BlackElo "1869"]
[PlyCount "67"]
[EventDate "2024.01.20"]
[EventRounds "10"]
[EventCountry "BRA"]

1. e4 e6 2. d4 d5 3. e5 c5 4. c3 Nc6 5. Nf3 Qb6 6. Bd3 cxd4 7. O-O Bd7 8. Re1
Rc8 9. Nbd2 dxc3 10. bxc3 Na5 11. Rb1 Qc7 12. c4 Nxc4 13. Bxc4 dxc4 14. Ne4 Bc6
15. Nd6+ Bxd6 16. exd6 Qd8 $146 ({RR} 16... Bxf3 17. Qxf3 Qc6 18. Qg3 Kf8 19.
Ba3 Qd7 20. Rxb7 Qxb7 21. d7+ Ne7 22. Qd6 g6 23. Qxe7+ Kg7 24. d8=Q Qxg2+ 25.
Kxg2 Rhxd8 26. Bb2+ {1-0 (26) Kurmangaliyeva,L (2261)-Shohradova,L (1948)
Samarkand UZB 2023}) 17. Ne5 Nf6 18. Bg5 h6 19. Bh4 g5 20. Bg3 Bd5 21. Qa4+ Nd7
22. Rbd1 Rc5 23. Nxd7 Qxd7 24. Qxa7 Qc8 25. Be5 O-O 26. d7 Qc6 27. Bf6 Bxg2 28.
d8=Q Rxd8 29. Rxd8+ Kh7 30. Qb8 e5 31. Qd6 Qf3 32. Bxe5 Rxe5 33. Qxe5 Bh3 34.
Qe4+ 1-0

[Event "Floripa Chess Open 2024"]
[Site "Florianopolis"]
[Date "2024.01.26"]
[Round "8.89"]
[White "De Oliveira, Matheus Tavares"]
[Black "Hirano, Enzo Erich Kreutz"]
[Result "1/2-1/2"]
[WhiteElo "1612"]
[BlackElo "1861"]
[PlyCount "77"]
[EventDate "2024.01.20"]
[EventRounds "10"]
[EventCountry "BRA"]

1. d4 d5 2. c4 e6 3. g3 Nf6 4. Nf3 Be7 5. Bg2 O-O 6. Qc2 a6 7. O-O dxc4 8. a4
Bd7 9. Ne5 Bc6 10. Nxc6 Nxc6 11. e3 Na5 12. Nd2 c6 ({RR} 12... Rb8 13. Nxc4
Nxc4 14. Qxc4 b5 15. Qe2 c5 16. axb5 axb5 17. dxc5 Bxc5 18. Rd1 Qb6 19. Bd2
Rfd8 20. Rdc1 b4 21. Be1 g6 22. Ra6 Qb5 23. Qxb5 Rxb5 24. Bf1 Rb6 25. Rxc5 Rxa6
26. Bxa6 Rd1 27. Kf1 {Olsson,W (2379)-Bolanos Lopez,J (2039) chess.com INT
2024 1-0 (35)}) 13. Nxc4 Nxc4 14. Qxc4 a5 15. Bd2 $146 ({RR} 15. Qb3 Qd7 16.
Rd1 Nd5 17. e4 Nb4 18. Be3 Rfd8 19. d5 cxd5 20. Bb6 Rdc8 21. exd5 exd5 22. Bxd5
Bc5 23. Be4 Qe7 24. Bxc5 Rxc5 25. Re1 Re5 26. Qc4 Re8 27. f3 Kh8 28. g4 g6 29.
Qc3 Kg8 {Hell,M (2007)-Gypser,A (2127) Germany 2011 0-1 (36)}) ({RR} 15. b3 Qb6
16. Bb2 Nd5 17. e4 Nb4 18. Rad1 Rad8 19. Kh1 Rd7 20. f4 Qd8 21. Bh3 Rd6 22.
Rde1 c5 23. dxc5 Rd2 24. Bc3 Rc2 25. Re2 Rxe2 26. Qxe2 Qc7 27. Qb2 g6 28. f5
exf5 29. exf5 f6 {Rojas Sepulveda,E (2250)-Ramirez,J Sharjah 1985 1-0 (39)}) ({
RR} 15. b3 Qb6 16. Bb2 Rac8 17. e4 Rfd8 18. Rfd1 Rc7 19. Rd3 Rcd7 20. Rad1 Bf8
21. Qc2 Be7 22. Qe2 Qa6 23. Bf1 Ne8 24. Qf3 Qb6 25. d5 cxd5 26. exd5 Rxd5 27.
Rxd5 exd5 28. Rxd5 Rxd5 29. Qxd5 Bf6 {Glavina,P (2418)-Justo,D (2306) France
2007 1/2-1/2 (66)}) 15... Nd5 16. h4 Qd7 17. Rfc1 Nb4 18. h5 Rac8 19. Qe2 f5
20. Bc3 Rf7 21. Rd1 Rcf8 22. Bxb4 Bxb4 23. Rac1 Qe7 24. Qc4 Kh8 25. Rc2 g5 26.
hxg6 hxg6 27. f4 g5 28. fxg5 Qxg5 29. Kf2 Rg8 30. Qxe6 Re7 31. Rh1+ Kg7 32. Qb3
Kf8 33. Rh3 Be1+ 34. Ke2 Bxg3 35. d5 Qg4+ 36. Kd2 Bd6 37. Kc1 c5 38. Kb1 Qd1+
39. Ka2 1/2-1/2

[Event "Floripa Chess Open 2024"]
[Site "Florianopolis"]
[Date "2024.01.26"]
[Round "8.90"]
[White "Santos, Abel Cardoso Dos"]
[Black "Deretti, Lucas Jurk"]
[Result "1/2-1/2"]
[WhiteElo "1854"]
[BlackElo "1548"]
[PlyCount "160"]
[EventDate "2024.01.20"]
[EventRounds "10"]
[EventCountry "BRA"]

1. e4 c5 2. Nf3 d6 3. d4 cxd4 4. Nxd4 Nf6 5. Nc3 a6 6. f3 e5 7. Nb3 Be6 8. Be3
h5 9. Qd2 Nbd7 10. O-O-O Qc7 11. Kb1 b5 ({RR} 11... Be7 12. h3 h4 13. f4 b5 14.
Bd3 b4 15. Rhe1 {1-0 (15) Morozevich,A (2787)-Gelfand,B (2719) Almaty 2008})
12. Qf2 ({RR} 12. Nd5 Bxd5 13. exd5 Rc8 14. c4 Be7 15. cxb5 axb5 16. Rc1 Qb7
17. Rxc8+ Qxc8 18. Bxb5 O-O 19. Rc1 Qb8 20. Bc6 Bd8 21. Qd3 Bb6 22. Bxb6 Qxb6
23. Qb5 Qd8 24. a4 e4 25. a5 exf3 26. gxf3 Qe7 {Arakhamia-Grant,K (2297)
-Kanyamarala,T (2184) Douglas IOM 2023 1-0 (47)}) 12... Be7 13. Rd2 $146 ({RR} 
13. h3 Rc8 14. Nd5 Nxd5 15. exd5 Bf5 16. Bd3 Bxd3 17. Rxd3 Bd8 18. f4 a5 19.
Rc3 Qb7 20. Rxc8 Qxc8 21. fxe5 Nxe5 22. Bf4 a4 23. Nc1 Qf5 24. Rf1 O-O 25. Qe2
Nc4 26. Qd3 Qxd3 27. cxd3 Ne5 {Badev,K (2248)-Velchev,H (2119) Plovdiv 2003
1-0 (55)}) ({RR} 13. Bd3 Rb8 14. h3 h4 15. g4 hxg3 16. Qxg3 Nh5 17. Qg2 Nb6 18.
Bc1 Kf8 19. Ne2 d5 20. Rdg1 Bf6 21. Rf1 dxe4 22. fxe4 g6 23. h4 Qe7 24. Qf2 Nd7
25. Be3 Rc8 26. Bd2 Kg7 27. Rfg1 Nc5 {Ebert,M (2085)-Kruse,H (2228) Bielefeld
2007 0-1 (39)}) ({RR} 13. h3 Rb8 14. Be2 h4 15. Rd2 b4 16. Nd5 Bxd5 17. exd5 a5
18. Nc1 a4 19. b3 a3 20. Bc4 Nb6 21. Bxb6 Rxb6 22. Ne2 Rb8 23. Rhd1 Kf8 24. Qf1
Nd7 25. f4 Nb6 26. Bb5 Qc5 27. Bc6 exf4 {Livensky,E-Zsiltzova Lisenko,L (2253)
Kiev 2002 1/2-1/2 (46)}) 13... Rb8 14. h3 b4 15. Nd5 Bxd5 16. exd5 a5 17. Nc1
a4 18. b3 Qb7 19. Bc4 a3 20. Ne2 Bd8 21. Ng3 g6 22. Ne4 Nxe4 23. fxe4 Nb6 24.
Bb5+ Kf8 25. Bc6 Qe7 26. Rf1 Rh7 27. Qe1 Nc8 28. g3 Na7 29. Ba4 Nb5 30. Bxb5
Rxb5 31. Rdf2 Bb6 32. Rf6 Bxe3 33. Qxe3 Kg8 34. Qe2 Rb6 35. Qc4 Rg7 36. g4 h4
37. g5 Qd8 38. Qe2 Qc7 39. R6f3 Rh7 40. Qe3 Rb5 41. Qf2 Rc5 42. Qd2 Rb5 43. Rc1
Qc5 44. c4 Rb7 45. Rcf1 Rc7 46. Rf6 Rd7 47. Qf2 Qxf2 48. R1xf2 Rh5 49. Rg2 Kg7
50. Rff2 Kf8 51. Kc2 Ke7 52. Kd3 Rc7 53. Ke3 Rc5 54. Kf3 Rh7 55. Kg4 Rc7 56.
Rg1 Rc5 57. Rf6 Rc7 58. Rgf1 Rc5 59. Rc1 Rh8 60. Rc2 Rh7 61. Rcf2 Rc7 62. Kf3
Rc5 63. Ke3 Rc7 64. Kd3 Rc5 65. Rf1 Rg7 66. R6f2 Rh7 67. Kd2 Rg7 68. Ke3 Rh7
69. Rg1 Rh8 70. Kd3 Rh7 71. Rg4 Rh8 72. Rg1 Rh7 73. Rgf1 Rg7 74. Ke3 Rh7 75.
Kf3 Rc7 76. Kg4 Rc5 77. Rc1 Rh8 78. Rf6 Rh7 79. Rcf1 Rc7 80. R1f2 Rc5 1/2-1/2

[Event "Floripa Chess Open 2024"]
[Site "Florianopolis"]
[Date "2024.01.26"]
[Round "8.91"]
[White "Karoly, Carlos Acacio Gomes"]
[Black "Bieging, Luca Jurgen"]
[Result "1-0"]
[WhiteElo "1846"]
[BlackElo "1436"]
[PlyCount "71"]
[EventDate "2024.01.20"]
[EventRounds "10"]
[EventCountry "BRA"]

1. Nf3 Nf6 2. g3 g6 3. b3 Bg7 4. Bb2 O-O 5. c4 d6 6. d4 c5 7. Bg2 Nc6 8. d5 Nb8
({RR} 8... Na5 9. O-O a6 10. Nc3 Rb8 11. a4 Qb6 12. Nd2 e5 13. e4 Bd7 14. Qc2
Nh5 15. f4 exf4 16. gxf4 f5 17. Rae1 Bh6 18. e5 Bxf4 19. e6 Be8 20. Rxf4 Nxf4
21. Nd1 Nh5 22. Ne3 Nxb3 23. Nxb3 {Praggnanandhaa,R (2608)-Nevednichy,V (2531)
chess.com INT 2020 1-0 (54)}) ({RR} 8... Na5 9. O-O a6 10. Nbd2 b5 11. e4 bxc4
12. bxc4 Rb8 13. Bc3 Nd7 14. Qc2 Bxc3 15. Qxc3 e5 16. Ne1 Qc7 17. Nd3 Nb7 18.
Nb3 Nb6 19. f4 f6 20. Rf2 Bd7 21. Raf1 Rbc8 22. Nd2 Na4 23. Qc2 {Pantsulaia,L 
(2561)-Matta,V (2146) Shillong IND 2023 1-0 (42)}) 9. O-O Bg4 10. Nbd2 $146 ({
RR} 10. h3 Bxf3 11. exf3 Nbd7 12. f4 a6 13. Nc3 Rb8 14. a4 Re8 15. Re1 Nf8 16.
Ra2 Qd7 17. Ba1 Qf5 18. Rae2 e6 19. Qd2 exd5 20. Nxd5 Rxe2 21. Qxe2 Nxd5 22.
cxd5 Bxa1 23. Rxa1 Qf6 24. Re1 Qc3 {Mohota,N (2195)-Donatti,A (2193) chess.com
INT 2021 0-1}) ({RR} 10. h3 Bxf3 11. exf3 Nbd7 12. f4 a6 13. Nc3 Rb8 14. a4 Re8
15. Re1 Nf8 16. Ra2 Qd7 17. Ba1 Qf5 18. Rae2 e6 19. Qd2 exd5 20. Nxd5 Rxe2 21.
Qxe2 Nxd5 22. cxd5 Bxa1 23. Rxa1 Qf6 24. Re1 Qc3 {Mohota,N (2195)-Donatti,A  
(2193) chess.com INT 2021 0-1}) 10... Bxf3 11. Nxf3 Nbd7 12. Re1 a6 13. e4 Re8
14. Qc2 b5 15. e5 dxe5 16. Nxe5 Nxe5 17. Bxe5 Nd7 18. Bxg7 Kxg7 19. Rad1 bxc4
20. bxc4 Rb8 21. h4 Qb6 22. Re2 Nf6 23. Rde1 e6 24. dxe6 Rxe6 25. Rxe6 fxe6 26.
Qe2 Re8 27. Qe5 Kf7 28. Bh3 Nd7 29. Qf4+ Kg7 30. Rd1 Nf8 31. Qe5+ Kg8 32. h5
Qb4 33. h6 Qb7 34. Rd6 Qc7 35. Qf6 e5 36. Rd7 1-0

[Event "Floripa Chess Open 2024"]
[Site "Florianopolis"]
[Date "2024.01.26"]
[Round "8.93"]
[White "Flesch, Lucas Henrique Ye"]
[Black "De Oliveira, Jairo Quintiliano"]
[Result "1/2-1/2"]
[WhiteElo "1571"]
[BlackElo "1840"]
[PlyCount "86"]
[EventDate "2024.01.20"]
[EventRounds "10"]
[EventCountry "BRA"]

1. e4 c6 2. d4 d5 3. Nc3 dxe4 4. Nxe4 Nf6 5. Nxf6+ exf6 6. c3 Bd6 7. Bd3 O-O 8.
Ne2 Re8 9. O-O Qc7 10. Ng3 Nd7 11. Bd2 ({RR} 11. Nf5 Nf8 12. Nxd6 Qxd6 13. Qf3
Ng6 14. Qg3 Qd5 15. Be3 Bf5 16. Be2 Re7 17. Rfe1 Rae8 18. h4 Nf8 19. h5 Ne6 20.
h6 g5 21. Qf3 Qxf3 22. Bxf3 Nf4 23. Red1 Nd5 24. Bxd5 cxd5 25. Re1 Bd3 {
Wieczorek,O (2498)-Vachier Lagrave,M (2784) chess.com INT 2020 0-1 (49)}) 11...
Nf8 12. Qc2 ({RR} 12. Qh5 Be6 13. b3 Rad8 14. Rae1 b5 15. Ne4 Ng6 16. Nxd6 Qxd6
17. Re3 Bc8 18. Rfe1 Rxe3 19. fxe3 a6 20. c4 c5 21. d5 b4 22. g3 Qd7 23. e4 Ne5
24. Bf1 Qg4 25. Qxg4 Bxg4 26. Bg2 a5 {Stachanczyk,J (2159)-Antonova,N (1945)
chess.com INT 2023 1/2-1/2 (59)}) 12... Ng6 $146 ({RR} 12... b6 13. Rfe1 Bb7
14. c4 Red8 15. Bc3 h6 16. Bf5 Bc8 17. Be4 Rb8 18. Qe2 Ng6 19. Rad1 b5 20. b3
b4 21. Bb2 f5 22. Bc2 f4 23. Ne4 Bf8 24. Qf3 Qa5 25. Bb1 Kh8 26. h3 Kg8 27. Bc1
{Zanikov,K (2083)-Mammadova,N (1342) Prague 2017 0-1 (53)}) ({RR} 12... h5 13.
f4 g6 14. Ne4 Be7 15. f5 Bxf5 16. Rxf5 gxf5 17. Ng3 Ne6 18. Nxh5 Ng7 19. Qd1
Bd6 20. Nxf6+ Kf8 21. Bh6 Re6 22. Bxg7+ Kxg7 23. Nh5+ Kh8 24. Qf3 Rh6 25. Qxf5
Bxh2+ 26. Kf2 Rg8 27. Rh1 {Khatanbaatar,B (2340)-Pantev,V (2270) Sofia 1994 1/
2-1/2 (40)}) ({RR} 12... Be6 13. f4 c5 14. dxc5 Bxc5+ 15. Kh1 Rad8 16. Ne4 Bb6
17. Rf3 Bd5 18. Rg3 Bxe4 19. Bxe4 Rxe4 20. Qxe4 Rxd2 21. Rh3 h6 22. f5 Qe5 23.
Qg4 Nh7 24. Rg3 Ng5 25. Rf1 Bf2 26. Qc4 Bxg3 {0-1 (26) Herczku,D (2035)-Kende,
G (2227) Balaton 2005}) 13. Rfe1 Bd7 14. Rxe8+ Rxe8 15. Re1 Rxe1+ 16. Bxe1 c5
17. dxc5 Bxc5 18. Bxg6 hxg6 19. Qe2 f5 20. Bd2 Bd6 21. Qd3 a6 22. b3 b5 23. h3
Bc6 24. c4 Qe7 25. Bc3 b4 26. Bd2 Qe5 27. Qc2 Qa1+ 28. Bc1 Qe5 29. Qe2 Kf8 30.
Qxe5 Bxe5 31. Bd2 a5 32. Be3 f4 33. Bc5+ Ke8 34. Ne2 Be4 35. Bb6 Bb1 36. Bxa5
Bxa2 37. Nc1 Bb1 38. Bxb4 Bb2 39. Ne2 Ba2 40. Nxf4 Bxb3 41. c5 Bc4 42. g3 Kd7
43. Ng2 Kc6 1/2-1/2

[Event "Floripa Chess Open 2024"]
[Site "Florianopolis"]
[Date "2024.01.26"]
[Round "8.94"]
[White "Elesbao, Bernardo Dartora"]
[Black "Nunes, Agatha Hurba"]
[Result "0-1"]
[WhiteElo "1551"]
[BlackElo "1840"]
[PlyCount "90"]
[EventDate "2024.01.20"]
[EventRounds "10"]
[EventCountry "BRA"]

1. e4 e6 2. d4 d5 3. exd5 exd5 4. Bd3 Nc6 5. c3 Nge7 ({RR} 5... Qf6 6. Qf3 Be6
7. Qxf6 Nxf6 8. Bf4 O-O-O 9. Ne2 h6 10. h3 Ne4 11. Nd2 f5 12. f3 Nd6 13. h4 Be7
14. h5 Bg5 15. Kf2 Nc4 16. Bxc4 dxc4 17. g3 b5 18. Rae1 Bf7 19. Nf1 Ne7 20. Ne3
{Bagrationi,A (2468)-Caruana,F (2783) chess.com INT 2022 0-1 (55)}) 6. Qc2 ({RR
} 6. Qf3 Be6 7. Ne2 Qd7 8. h3 O-O-O 9. Bf4 h6 10. Nd2 g5 11. Bh2 Bg7 12. O-O-O
f5 13. Ng3 f4 14. Nh5 Nf5 15. Nxg7 Qxg7 16. g3 fxg3 17. Bxg3 Rhf8 18. Bxf5 Bxf5
19. Qh5 Qf6 20. Rde1 Bh7 {Hon,E (1897)-Gutierrez Olivares,D (2354) chess.com
INT 2023 0-1 (45)}) 6... g6 7. Bg5 Bg7 8. Nf3 $146 ({RR} 8. Ne2 O-O 9. O-O Re8
10. Nd2 Be6 11. Rfe1 h6 12. Bxe7 Nxe7 13. Nf4 Bf5 14. Bxf5 Nxf5 15. Rxe8+ Qxe8
16. Nxd5 Rc8 17. Nf3 Qe6 18. Nf4 Qd6 19. Nd3 Re8 20. Nfe5 Bxe5 21. Nxe5 Qe6 22.
Qb3 {1-0 (22) Ivanenko,O-Smelova,A Nikolaev 2004}) 8... f6 9. Bf4 Bf5 10. Nbd2
Qd7 11. Nb3 Qe6+ 12. Kd2 Bxd3 13. Qxd3 Qe4 14. Be3 Nf5 15. Rhe1 Qxd3+ 16. Kxd3
O-O 17. Bf4 Rf7 18. Nc5 g5 19. Bg3 h5 20. h3 Nxg3 21. fxg3 Bf8 22. b4 b6 23.
Nb3 Bd6 24. g4 h4 25. a4 Ne7 26. a5 Ng6 27. axb6 Nf4+ 28. Kc2 cxb6 29. Ra6 Nxg2
30. Rea1 Re8 31. Rxa7 Re2+ 32. Nbd2 Bf4 33. Rxf7 Kxf7 34. Kd3 Re7 35. Rg1 Ne3
36. Ra1 f5 37. Ra6 fxg4 38. hxg4 h3 39. Rxb6 Nxg4 40. Rb5 Nf6 41. Nf1 g4 42.
Ne5+ Bxe5 43. dxe5 Rxe5 44. Rb7+ Kg6 45. b5 Rf5 0-1

[Event "Floripa Chess Open 2024"]
[Site "Florianopolis"]
[Date "2024.01.26"]
[Round "8.95"]
[White "De Souza, Joao Francisco Biz"]
[Black "Vieira, Jose Renato Braga S"]
[Result "1-0"]
[WhiteElo "1523"]
[BlackElo "1839"]
[PlyCount "37"]
[EventDate "2024.01.20"]
[EventRounds "10"]
[EventCountry "BRA"]

1. d4 {Szabo,Kr} Nf6 2. c4 g6 3. Nc3 Bg7 4. e4 d6 5. h3 O-O 6. Be3 c5 7. Nf3
Na6 8. Be2 ({RR} 8. d5) 8... cxd4 9. Bxd4 ({RR} 9. Nxd4 Nc5 10. Qc2 b6 11. O-O
({RR} 11. b4 Ne6 12. Nb3 ({RR} 12. Rd1) ({RR} 12. O-O Ng4 13. hxg4 ({RR} 13.
Nxe6 Nxe3) 13... Nxd4) 12... a5 13. bxa5 bxa5 14. a4 Nd7 15. Rd1 Ba6 16. O-O
Rc8 17. Nd5 Nec5) 11... Bb7 12. Bf3 Rc8 13. Rad1 ({RR} 13. b4 Na6 ({RR} 13...
Ncd7 14. e5) ({RR} 13... Ne6 14. Nxe6 fxe6 15. Qb3) 14. Qb3 Qc7 15. Rac1 Qxc4 (
{RR} 15... Qb8 16. Nd5) 16. e5 Qxb3 17. axb3 Bxf3 18. exf6 Bxf6 19. gxf3 Nxb4
20. Rfd1) 13... Qc7 14. b3 Qb8 15. Rfe1 Rfe8 16. Bc1 a6 17. Qe2 e6 18. Bb2 Rcd8
({RR} 18... d5 19. exd5 exd5 20. Qc2 dxc4 21. bxc4) 19. Qc2 Qa8 20. Qe2 h5 ({RR
} 20... d5 21. exd5 exd5 22. Qf1 ({RR} 22. Qc2 Rxe1+ 23. Rxe1 dxc4) 22... dxc4
23. Qxc4) 21. Ba1 Ncd7 ({RR} 21... d5) 22. g3 ({RR} 22. Nc2 Ne5) 22... d5 23.
Bg2 e5 {Bluebaum,M (2634)-Carlsen,M (2838) Karlsruhe/Baden-Baden 2017 CBM 178 
[Szabo,Kr] 1/2-1/2 (59)} ({RR} 23... dxe4 24. Nxe4 Nxe4 25. Bxe4 Bxe4 26. Qxe4
Qxe4 27. Rxe4 Ne5 28. Re3 Rd6)) ({RR} 9. Nxd4 b6 10. O-O Bb7 11. f3 Nc5 12. Qd2
Rc8 13. Rad1 Nh5 14. Rfe1 a6 15. Nd5 e6 16. Nc3 Qc7 17. Nc2 Be5 18. g4 d5 19.
gxh5 Bxc3 20. bxc3 Qg3+ 21. Kh1 Qxh3+ 22. Kg1 Qg3+ 23. Kh1 dxe4 {Gritsayeva,O 
(2263)-Nosacheva,M (2165) Chelyabinsk RUS 2023 0-1 (53)}) 9... Nc5 10. e5 Nfd7
$146 ({RR} 10... Nfe4 11. exd6 Nxc3 12. dxe7 Qxe7 13. bxc3 Bxd4 14. cxd4 Ne4
15. Qb3 Nd6 16. c5 Nf5 17. g4 Ng7 18. Qe3 Qd8 19. O-O Re8 20. Qd2 Be6 21. Bb5
Bd5 22. Ne5 Re7 23. Rae1 Ne6 24. f4 f6 25. Nf3 {Iljushina,O (2259)
-Maltsevskaya,A (2243) St Petersburg RUS 2018 0-1 (51)}) ({RR} 10... Nfe4 11.
exd6 Nxc3 12. dxe7 Qxe7 13. bxc3 Bxd4 14. cxd4 Ne4 15. Qb3 Nd6 16. c5 Nf5 17.
g4 Ng7 18. Qe3 Qd8 19. O-O Re8 20. Qd2 Be6 21. Bb5 Bd5 22. Ne5 Re7 23. Rae1 Ne6
24. f4 f6 25. Nf3 {Iljushina,O (2259)-Maltsevskaya,A (2243) St Petersburg RUS
2018 0-1 (51)}) 11. exd6 e5 12. Be3 Qb6 13. Rb1 Qc6 14. O-O e4 15. Nd4 Qxd6 16.
Nd5 a6 17. b4 Ne6 18. Nxe6 fxe6 19. Nf6+ 1-0

[Event "Floripa Chess Open 2024"]
[Site "Florianopolis"]
[Date "2024.01.26"]
[Round "8.96"]
[White "Justiniano Flores, Luis Fernando"]
[Black "Moritz, Diego Homrich"]
[Result "0-1"]
[WhiteElo "1486"]
[BlackElo "1832"]
[PlyCount "84"]
[EventDate "2024.01.20"]
[EventRounds "10"]
[EventCountry "BRA"]

1. d4 d6 2. Nf3 g6 3. Nc3 Bg7 4. Bf4 e6 ({RR} 4... c6 5. Qd2 b5 6. g3 Nd7 7.
Bg2 Nb6 8. Rd1 Nf6 9. O-O O-O 10. Rfe1 a5 11. Qc1 Nbd5 12. Bh6 Nxc3 13. bxc3
Be6 14. Bxg7 Kxg7 15. Nd2 Bxa2 16. Bxc6 Rb8 17. Qa1 Be6 18. Rb1 Bd7 19. Bxd7 {
Garcia Palermo,C (2470)-Seirawan,Y (2575) Mar del Plata 1982 1/2-1/2}) ({RR} 
4... c6 5. Qd2 b5 6. e4 Nd7 7. e5 d5 8. e6 fxe6 9. Bxb5 Qb6 10. Bd3 c5 11. Nb5
e5 12. dxc5 Nxc5 13. Nxe5 Nf6 14. Nc7+ Qxc7 15. Bb5+ Nfd7 16. Nxd7 e5 17. Nxe5+
{1-0 (17) Andrews,T (2214)-Felecan,F (2336) Las Vegas USA 2019}) 5. e4 Nd7 6.
Bc4 h6 $146 ({RR} 6... Ne7 7. O-O O-O 8. h3 a6 9. Re1 b5 10. Bd3 e5 11. dxe5
dxe5 12. Bg5 h6 13. Bh4 Bb7 14. Qe2 Nc5 15. Rad1 Qe8 16. Bxe7 Qxe7 17. b4 Nxd3
18. Qxd3 Rad8 19. Nd5 Bxd5 20. exd5 Rfe8 21. Qe4 {Nguyen Phuoc Quy,T-Tran Mai
Truong,A Hue 2009 0-1 (42)}) 7. h4 a6 8. a4 b6 9. Qe2 Bb7 10. O-O-O Ne7 11. g4
Qb8 12. Rd3 Qa7 13. Na2 O-O-O 14. Rc3 Nc6 15. Rd1 Ndb8 16. g5 h5 17. Re3 Rhe8
18. Kb1 Re7 19. b4 Rde8 20. e5 d5 21. Bb3 Rd7 22. c4 dxc4 23. Bxc4 Red8 24.
Red3 Ne7 25. Qc2 Be4 26. Nc3 Bxd3 27. Rxd3 Qb7 28. b5 a5 29. Be3 Qxf3 30. d5
Nxd5 31. Nxd5 exd5 32. Bxb6 Qh1+ 33. Ka2 dxc4 34. Qxc4 Qb7 35. e6 Rxd3 36. e7
Rd2+ 37. Kb3 R8d3+ 38. Qxd3 Rxd3+ 39. Kc2 Rc3+ 40. Kd2 Qd5+ 41. Ke2 Qd3+ 42.
Ke1 Rc1# 0-1

[Event "Floripa Chess Open 2024"]
[Site "Florianopolis"]
[Date "2024.01.26"]
[Round "8.97"]
[White "Nicacio, Daniel Ramos"]
[Black "Pimenta, Elisandro Da Silva"]
[Result "0-1"]
[WhiteElo "1479"]
[BlackElo "1829"]
[PlyCount "38"]
[EventDate "2024.01.20"]
[EventRounds "10"]
[EventCountry "BRA"]

1. e4 c5 2. Nf3 d6 3. d4 cxd4 4. Nxd4 Nf6 5. Bg5 ({RR} 5. Bc4 Qb6 6. Nb3 e6 7.
O-O Be7 8. Be3 Qc7 9. f4 a6 10. Bd3 {1/2-1/2 (10) Todorovic,G (2426)-Popovic,P
(2490) Vrnjacka Banja 1999}) 5... Nxe4 6. Be3 Nc6 7. f3 $146 ({RR} 7. Bb5 Bd7
8. Qf3 Nxd4 9. Bxd4 Bxb5 10. Qxe4 Bc6 11. Qg4 e5 12. Be3 Qd7 13. Qxd7+ Bxd7 14.
O-O Be7 15. Nc3 Bc6 16. b4 Rc8 17. Ne2 Bb5 18. Rae1 Rxc2 19. Ra1 Bxe2 20. Rfc1
Rxc1+ 21. Rxc1 O-O {Soelbrandt,R (1071)-Sennholz,M (1222) Dortmund 2003 0-1  
(54)}) ({RR} 7. Nb3 g6 8. c3 Bg7 9. N1d2 Nf6 10. Be2 Be6 11. Nd4 Bd7 12. O-O
Nd5 13. Ne4 Nxe3 14. fxe3 Ne5 15. Qb3 b6 16. Rad1 O-O 17. Bc4 Nxc4 18. Qxc4 Bg4
19. Nf3 Qc8 20. Qb4 h6 21. Rd2 Qe6 {Milkievicz da Rocha,M (1468)-Silva,E (1793)
Florianopolis BRA 2024 0-1 (31)}) ({RR} 7. Bd3 d5 8. Nxc6 bxc6 9. Bxe4 dxe4 10.
Nc3 Qxd1+ 11. Rxd1 f5 12. Bd4 e6 13. O-O Rg8 14. f3 exf3 15. Rxf3 Be7 16. Re1
Kf7 17. Na4 Rd8 18. c3 Rd5 19. Be5 Ba6 20. b3 Rad8 21. c4 Rd1 {Fiedorek,M  
(2333)-Martin,L (2135) chess.com INT 2023 0-1 (34)}) 7... Nf6 8. Nc3 e6 9. Qd2
Be7 10. O-O-O O-O 11. g4 Bd7 12. Ndb5 d5 13. h4 a6 14. Nd4 Nxd4 15. Bxd4 Rc8
16. Kb1 Qc7 17. Qe3 Bc5 18. Rh2 Bxd4 19. Rxd4 Qxh2 0-1

[Event "Floripa Chess Open 2024"]
[Site "Florianopolis"]
[Date "2024.01.26"]
[Round "8.99"]
[White "Fernandes, Beatriz"]
[Black "Barbosa, Flavio Novais"]
[Result "1/2-1/2"]
[WhiteElo "1431"]
[BlackElo "1827"]
[PlyCount "41"]
[EventDate "2024.01.20"]
[EventRounds "10"]
[EventCountry "BRA"]

1. e4 e6 2. d4 d5 3. exd5 exd5 4. Bd3 Nc6 5. c3 Nf6 6. Nf3 Bd6 7. O-O h6 ({RR} 
7... O-O 8. Bg5 Re8 9. Nbd2 h6 10. Bxf6 Qxf6 11. Qb3 Rd8 12. Rae1 g6 13. Re2
Bf4 14. g3 Bd6 15. Rfe1 Ne7 16. Kg2 b6 17. Ne5 c5 18. Qd1 Nf5 19. Ndf3 Bf8 20.
Bxf5 Bxf5 21. Nh4 Be4+ 22. f3 {Mohr,S (2470)-Horvath,G (2455) Budapest 1988
1-0 (38)}) ({RR} 7... O-O 8. Bg5 h6 9. Bh4 Bg4 10. Nbd2 Bf4 11. Qc2 Qd6 12. Bg3
Nh5 13. Bxf4 Nxf4 14. Bf5 Bxf5 15. Qxf5 Rfe8 16. g3 Ng6 17. Rfe1 Nce7 18. Qd3
a5 19. h4 b6 20. h5 Nf8 21. Re3 Nc6 22. Rae1 {Morris,D-Patola,E (1847) Rhodes
GRE 2019 1-0 (54)}) 8. Re1+ Ne7 9. h3 $146 ({RR} 9. Nbd2 O-O 10. Nf1 c6 11. Qc2
Qc7 12. h3 b6 13. Bd2 c5 14. b3 Bb7 15. Ne3 Rae8 16. Nh4 Ne4 17. Nhf5 Bh2+ 18.
Kf1 Bf4 19. Bxe4 dxe4 20. dxc5 Qxc5 21. Nxe7+ Rxe7 22. Rad1 Bb8 23. c4 f5 {
Maroczy,G-Bogoljubow,E Berlin 1920 1/2-1/2 (46)}) ({RR} 9. Nbd2 O-O 10. Ne5 Re8
11. Ndf3 c6 12. Nh4 Be6 13. Qf3 Nd7 14. Qg3 Kh8 15. Nxf7+ Bxf7 16. Qxd6 Nf6 17.
Qg3 Qd7 18. Bd2 Rad8 19. Qf3 Qg4 20. Qxg4 Nxg4 21. Nf5 Bg6 22. f3 Nf6 23. Nd6
Rxd6 {Kreutz,J (1951)-Erezhep,A (1753) Willingen 2017 0-1 (39)}) 9... c6 10.
Nbd2 Qc7 11. Ne5 Be6 12. b4 O-O 13. Qc2 Nd7 14. Ndf3 Bxe5 15. dxe5 c5 16. bxc5
Nxc5 17. Nd4 Nxd3 18. Qxd3 Nc6 19. Qg3 Nxd4 20. cxd4 Kh7 21. Ba3 1/2-1/2